Nhịp sóng thơ

保存先:
書誌詳細
第一著者: Anh Đào
フォーマット: 図書
言語:Undetermined
出版事項: Tp. HCM Lao Động 1996
主題:
タグ: タグ追加
タグなし, このレコードへの初めてのタグを付けませんか!
Thư viện lưu trữ: Trung tâm Học liệu Trường Đại học Cần Thơ
LEADER 00450nam a2200181Ia 4500
001 CTU_53382
008 210402s9999 xx 000 0 und d
020 |b 6000 
082 |a 895.9221 
082 |b A107 
100 |a Anh Đào 
245 0 |a Nhịp sóng thơ 
245 0 |c Anh Đào 
260 |a Tp. HCM 
260 |b Lao Động 
260 |c 1996 
650 |a vietnamese poetry 
980 |a Trung tâm Học liệu Trường Đại học Cần Thơ